Guess Sleep Token songs by lyrics #2 - Statistics

General Stats
  • This quiz has been taken 871 times
  • The average score is 7 of 10
Answer Stats
Lyrics Song % Correct
Oh, let's talk about chemistry 'Cause I'm dying to melt through To the hеart of her molecules Till thе particles part like holy water Alkaline
94%
And you are a garden, entwined with all You are the silence on sacred shores You've got diamonds for teeth, my love So take a bite of me, just once, I want to Turn the page once again (Oh) Take a bite The Offering
82%
Let's load the gun Make her eat the tape in the bathroom mirror See if she can guess what A hollow point does to a naked body Nazareth
78%
Beneath the stormy seas Above the mountain peaks It's all the same to me It makes no difference Chokehold
77%
I have waited
Paralysed by my own will
Viciously reminding me still
I'm born to believe
Mine
70%
And don't you know
I could see it in you even then?
And don't you know
I was trying to hold back the darkness?
Are You Really Okay?
66%
And if you saw the marks on my dashboard The new scars that I didn't ask for And would you call asking for answers? Tear my arms off Dark Signs
66%
My insecurities surround me like lions in the den
And I feel like I'm losing touch with what I am again
Slowly, I remember why I cannot pretend
That I never think of you in all this screaming silence
Fall for Me
65%
And my reflection just won't smile back at me likе I know it should
And I would turn into a stranger in an instant if I could
And there is somеthing eating me alive, I don’t know what it is
Maybe not that you conceal your feelings, they just don't exist
DYWTYLM
64%
Do you like the way it feels? Like fire from the heavens Carving past the surface into you And do you like the way it feels? Like fire from the heavens Tearing me asunder beside you Gods
61%
No matching quizzes found
Score Distribution
Percent of People with Each Score
Percentile by Number Answered
Your Score History
You have not taken this quiz